| 000 | 005210000a22001690004500 | ||
|---|---|---|---|
| 001 | 9861 | ||
| 090 | _a9861 | ||
| 100 | _a20030515 m y0pory5003 ba | ||
| 102 | _aPT | ||
| 200 |
_aSistema-rede de estações automáticas _fRenato de Carvalho _gLuis Filipe Nunes, Vitor Prior |
||
| 210 |
_aLisboa _cInstituto de Meteorologia _d19 96 |
||
| 215 | _a10 p.; | ||
| 317 | _aOrigem: IM | ||
| 606 | _aInstrumentos e métodos de observação | ||
| 700 | 1 | _3Carvalho, Renato de, | |
| 701 | 1 |
_3Nunes, Luis Filipe _4070 |
|
| 701 | 1 |
_3Prior, Victor _4070 |
|